• AIU
  • Tony Wilmot Memorial Library

Abwaresen wore. (Record no. 39413)

MARC details
000 -LEADER
fixed length control field 00516nam a22001811a 4500
005 - DATE AND TIME OF LATEST TRANSACTION
control field 20110718132959.0
008 - FIXED-LENGTH DATA ELEMENTS--GENERAL INFORMATION
fixed length control field 091005s1988 001 0 eng d
020 ## - INTERNATIONAL STANDARD BOOK NUMBER
Terms of availability 0.00
040 ## - CATALOGING SOURCE
Original cataloging agency NEGST Library - Kenya
050 #4 - LIBRARY OF CONGRESS CALL NUMBER
Classification number BS 325.C86 1988
082 0# - DEWEY DECIMAL CLASSIFICATION NUMBER
Classification number BS 325.C86 1988
245 00 - TITLE STATEMENT
Title Abwaresen wore.
260 ## - PUBLICATION, DISTRIBUTION, ETC. (IMPRINT)
Name of publisher, distributor, etc International Bible Soci,
Date of publication, distribution, etc 1988.
300 ## - PHYSICAL DESCRIPTION
Extent 792 p.;
500 ## - GENERAL NOTE
General note [Africana] Includes Maps.
600 10 - SUBJECT ADDED ENTRY--PERSONAL NAME
Personal name Chumburung language - Bible.
852 ## - LOCATION/CALL NUMBER
-- 5.00
Holdings
Withdrawn status Lost status Source of classification or shelving scheme Damaged status Not for loan Collection code Home library Current library Shelving location Date acquired Source of acquisition Cost, normal purchase price Total Checkouts Full call number Barcode Date last seen Price effective from Koha item type
    Library of Congress Classification     Reference AIU/NEGST - Tony Wilmot Memorial Library AIU/NEGST - Tony Wilmot Memorial Library Reference 10/05/2009 Donation 5.00   REF BS 325.C86 1988 R34513P3232 09/26/2019 10/05/2009 Reference